01247nam a22003257a 4500003000400000005001700004008004100021040002200062082001500084100003700099245002800136260003700164300001800201490001200219505001400231505002600245505002000271505002000291505001500311505016900326505009500495505003600590505001800626650004100644650004400685650004800729650005500777650004400832651004500876OSt20230421132658.0221006b |||||||| |||| 00| 0 eng d cBiblioteca Lado V a700bS235a eeditoraSantiago, Jose Carlos de aArte/bPor excelencias/ bDecima Bienal Habanac2009aCuba c21x28cma64p. a1v2009 aEditorial aLa alternativa bienal aArte del Caribe aVoces como ecos aJose Badia aEl librogLas Aguas de expansión de Rufo Caballero Visible e Invisible Para ver el espíritu Vanidades y Rizomas Viajar con Camejo Nosotros los mas infieles aEl ArchiverogUn tico en la Habana Del arte contemporaneo en Nicaragua Paraguay Esquivo aEntrevista gLourdes Fernandez  aLa caricatura 2Tesauro de Arte & ArquitecturaaARTE 2Tesauro de Arte & ArquitecturaaCULTURA 2Tesauro de Arte & ArquitecturaaAPRECIACION 2Tesauro de Arte & ArquitecturaaARTE CONTEMPORANEO 2Tesauro de Arte & ArquitecturaaCRITICA 2Tesauro de Arte & ArquitecturaaESPAÑA